Convenio multilateral, Impuestos internos, monotributo (Registro nro. 778)

Detalles MARC
000 -LEADER
fixed length control field 01427 a2200241 4500
001 - CONTROL NUMBER
control field 21203
005 - DATE AND TIME OF LATEST TRANSACTION
control field 20260407155502.0
008 - FIXED-LENGTH DATA ELEMENTS--GENERAL INFORMATION
fixed length control field 260407a2013 arg spa d
003 - CONTROL NUMBER IDENTIFIER
control field AR-UNSa-BCEJYS
040 ## - CATALOGING SOURCE
Original cataloging agency AR-UNSa-BCEJYS
Language of cataloging spa
Transcribing agency AR-UNSa-BCEJYS
080 ## - UNIVERSAL DECIMAL CLASSIFICATION NUMBER
Universal Decimal Classification number 336.226.111
Common auxiliary subdivision Impuestos sobre ingresos totales (Ingresos brutos - Convenio Multilateral)
020 ## - INTERNATIONAL STANDARD BOOK NUMBER
International Standard Book Number 978-987-01-1458-1
100 1# - MAIN ENTRY--PERSONAL NAME
Personal name Celdeiro, Ernesto Carlos
245 10 - TITLE STATEMENT
Title Convenio multilateral, Impuestos internos, monotributo
Name of part/section of a work Explicados y comentados
250 ## - EDITION STATEMENT
Edition statement 5a. ed.
264 #1 - PRODUCTION, PUBLICATION, DISTRIBUTION, MANUFACTURE, AND COPYRIGHT NOTICE
Place of production, publication, distribution, manufacture Buenos Aires :
Name of producer, publisher, distributor, manufacturer Errepar
Date of production, publication, distribution, manufacture, or copyright notice 2013
300 ## - PHYSICAL DESCRIPTION
Extent 126 p.
Dimensions 27 cm.
505 ## - FORMATTED CONTENTS NOTE
Formatted contents note CONVENIO MULTILATERAL: 1. Introducción - 2. Ámbito de aplicación del convenio multilateral - 3. Régimen general - 4. Regímenes especiales - 5. Iniciación y cese de actividades - 6. Organismos de aplicación - IMPUESTOS INTERNOS: 1. Aspetos generales - 2. Hecho imponible - 3. Exenciones - 4. Liquidación de Impuestos - 5. Pago del Impuesto - 6. Alícuotas - MONOTRIBUTO: 1. Antecedentes - 2. Características generales - 3. Liquidación de gravamen - 4. Abandono del régimen simplificado - 5. Interrelación con otras normas impositiva
590 ## - LOCAL NOTE (RLIN)
Local note niveau_biblio:m niveau_hierar:0
700 1# - ADDED ENTRY--PERSONAL NAME
Personal name Imirizaldu, Juan José
856 41 - ELECTRONIC LOCATION AND ACCESS
Uniform Resource Identifier <a href="https://biblioeco.unsa.edu.ar/pmb/images/libros/Convenio Multilateral Impuestos Internos Monotributo .jpg">https://biblioeco.unsa.edu.ar/pmb/images/libros/Convenio Multilateral Impuestos Internos Monotributo .jpg</a>
Link text Imagen de portada
Electronic format type image/jpeg
942 ## - ADDED ENTRY ELEMENTS (KOHA)
Koha item type
Existencias
Withdrawn status Lost status Damaged status Not for loan Home library Current library Shelving location Date acquired Total checkouts Full call number Barcode Date last seen Price effective from Koha item type
        Biblioteca Prof. Eusebio Cleto del Rey Biblioteca Prof. Eusebio Cleto del Rey   07/04/2026   336.226.111 C392 5ed. L119207 07/04/2026 07/04/2026 Libro
        Biblioteca Prof. Eusebio Cleto del Rey Biblioteca Prof. Eusebio Cleto del Rey   07/04/2026   336.226.111 C392 5ed. L119208 07/04/2026 07/04/2026 Libro
        Biblioteca Prof. Eusebio Cleto del Rey Biblioteca Prof. Eusebio Cleto del Rey   07/04/2026   336.226.111 C392 5ed. L119209 07/04/2026 07/04/2026 Libro
        Biblioteca Prof. Eusebio Cleto del Rey Biblioteca Prof. Eusebio Cleto del Rey   07/04/2026   336.226.111 C392 5ed. L119210 07/04/2026 07/04/2026 Libro
        Biblioteca Prof. Eusebio Cleto del Rey Biblioteca Prof. Eusebio Cleto del Rey   07/04/2026   336.226.111 C392 5ed. L119211 07/04/2026 07/04/2026 Libro